LEADER 00972nam a2200241 i 4500 001 000000133828 003 CaOOAMICUS 005 20050114000000.0 008 050114s1990 it u000 u ita u 013 $a106849 020 $a88-04-33683-8 040 $aSeMil$bita 100 1 $aLévi-Strauss, Claude,$d<1908-2009>.$0(OLS)http://semarc/name/8241 245 13$aIl crudo e il cotto /$cClaude Lévi-Strauss. 260 $a[S.l.] :$bIl Saggiatore,$c1990. 300 $a510 p., [8] p. di tav. ;$c21 cm. 500 $aContiene : Bibliografia ; Indice delle illustrazioni nel testo. 650 4$aAntropologia culturale.$0(OLS)http://semarc/subject/2863 850 $aSeMil 852 $aSeMil$W1$xVenegono$y1$m68 24 1 *$j87632$B87632$CSeMilBibl$Z2$F91641 $81 996 $6020$a88-04-33683-8$9(OLS)http://semarc/number/120973 996 $6245$aIl crudo e il cotto$9(OLS)http://semarc/title/195808 996 $6260$a[S.l.] :$bIl Saggiatore$9(OLS)http://semarc/publisher/36741 LEADER 00821nam a2200229 i 4500 001 000000165037 003 CaOOAMICUS 005 20071008000000.0 008 071008s1967 it u000 u ita u 013 $a142405 040 $aSeMil$bita 100 1 $aDe Sanctis, Gino.$0(OLS)http://semarc/name/26631 245 13$aIl minimo d'ombra /$cGino De Sanctis. 260 $aMilano :$bRizzoli,$c1967. 300 $a197 p. ;$c23 cm. 490 0 $aRomanzi italiani e stranieri 830 0$aRomanzi italiani e stranieri.$0(OLS)http://semarc/title/24380 850 $aSeMil 852 $aSeMil$W1$xVenegono$y1$m1A V 227$j240173$B116236$CSeMilBibl$Z2$F127129 $81 961 $aRecupero: Altro 996 $6245$aIl minimo d'ombra$9(OLS)http://semarc/title/235508 996 $6260$aMilano :$bRizzoli$9(OLS)http://semarc/publisher/29824 LEADER 01371nam a2200205 i 4500 001 000000243916 003 CaOOAMICUS 005 20230927125822.0 008 150724s1744 it u000 u ita u 026 $an',a t-te a,o- adsu (3) 1744 (R) 040 $aSeMil$bita 100 0 $aGabriele Maria : da San Domenico.$0(OLS)http://semarc/name/14905 245 10$aTerza parte, che contiene gli esercizj appartenenti alla via illuminativa, la quale comprende il quinto, sesto, e settimo giorno. 300 $a590, [6] p. 500 $aSegn.: A-2N8 2O10 773 0 $aGabriele Maria : da San Domenico$tEsercizj spirituali di s. Ignazio esposti agli inesperti, ed aridi nell'orazione ; in cui, oltre ai consueti succinti punti, vi sono diffusamente estese tutte le meditazioni, lezioni, esami, ... divisi in quattro parti ... dal padre f. Gabriele Maria da San Domenico agostiniano scalzo.$dIn Milano : Per Carlo Giuseppe Ghislandi : si vendono da Giuseppe Galeazzi librajo in contrada di Santa Margarita al segno de' Santi Teresa, e Luigi Gonzaga, 1744.$g3$w()32267 850 $aSeMil 852 $aSeMil$W1$xVenegono$y1$m3F III 275 FA$j194262$B194262$CSeMilBibl$Z2$F204873 $8I 996 $6245$aTerza parte, che contiene gli esercizj appartenenti alla via illuminativa, la quale comprende il quinto, sesto, e settimo giorno$9(OLS)http://semarc/title/345847 LEADER 01736nam a2200289 4500 001 000000355728 003 CaOOAMICUS 005 20231016123101.0 008 231016s1759 it a 000 u fre r 040 $aSeMil$bita 041 1 $afre$aita 100 11$aBoudard, Jean Baptiste.$0(OLS)http://semarc/name/118476 245 10$aIconologie tirée de divers auteurs. Ouvrage utile aux gens de lettres, aux poëtes, aux artistes & généralement à tous les amateurs des beaux-arts. ... par I. B. Boudard. Tome premier [-troisième]. 264 1$aA Parme :$bchez l'auteur : de l'imprimerie de Philippe Carmignani,$c1759. 300 $a3 v. :$bill. calcogr. ;$cfol. 500 $aFront. e testo in cornice xilogr. a doppio filetto 500 $aVignette calcogr. sui front. 500 $aLegati insieme in un unico tomo 546 $aTesto in francese e traduzione italiana 650 4$aIconologia.$0(OLS)http://semarc/subject/54607 700 1 $aCarmignani, Filippo,$c.$0(OLS)http://semarc/name/71597 774 0 $t1: A-E.$dA Parme : chez l'auteur : de l'imprimerie de Philippe Carmignani, 1759.$w()355729 774 0 $t2: F-M.$dA Parme : chez l'auteur : de l'imprimerie de Philippe Carmignani, 1759.$w()355730 774 0 $t3: N-Z.$dA Parme : chez l'auteur : de l'imprimerie de Philippe Carmignani, 1759.$w()355731 996 $6245$aIconologie tirée de divers auteurs. Ouvrage utile aux gens de lettres, aux poëtes, aux artistes & généralement à tous les amateurs des beaux-arts. ... par I. B. Boudard. Tome premier [-troisième]$9(OLS)http://semarc/title/445958 996 $6264$aA Parme :$bchez l'auteur : de l'imprimerie de Philippe Carmignani$9(OLS)http://semarc/publisher/61329 LEADER 01266nam a2200229 4500 001 000000364872 003 CaOOAMICUS 005 20251027143240.0 008 251027s1927 it 000 u ita r 040 $aSeMil$bita 100 1 $aTredici, Giacinto .$0(OLS)http://semarc/name/17126 245 10$aL'Azione Catt. in genere :$bsegue: Borsieri G., La parrocchialità dell'azione cattolica ; Morelli D. G., I consigli parrocchiali : lezioni tenute a Milano il 27 gennaio 1927. 264 1$aMilano :$bGiunta Diocesana Milanese,$c1927. 300 $a32 p. ;$c20 cm 650 4$aAzione Cattolica Ambrosiana - Documenti.$0(OLS)http://semarc/subject/30127 700 1 $aMorelli, Giovanni.$0(OLS)http://semarc/name/51169 700 1 $aBorsieri, Giovanni.$0(OLS)http://semarc/name/123036 850 $aSeMil 852 $aSeMil$W1$xVenegono$y1$m5C VIII 1/7$j263825$B255697$CSeMilBibl$Z2$F255697 $86 996 $6245$aL'Azione Catt. in genere :$bsegue: Borsieri G., La parrocchialità dell'azione cattolica ; Morelli D. G., I consigli parrocchiali : lezioni tenute a Milano il 27 gennaio 1927$9(OLS)http://semarc/title/456367 996 $6264$aMilano :$bGiunta Diocesana Milanese$9(OLS)http://semarc/publisher/47122